[Event "I Liga Centralne Srbije"]
[Site "Bajina Bašta, Serbia"]
[Date "2020.10.11"]
[Round "2.4"]
[White "Maksimovic, Bojan"]
[Black "Radovanovic, Mihajlo"]
[Result "1/2-1/2"]
[WhiteElo "2398"]
[BlackElo "2457"]
[Annotator "Knez"]
[PlyCount "120"]
[EventDate "2020.??.??"]
[TimeControl "90"]
[WhiteClock "0:02:31"]
[BlackClock "0:01:54"]

1. e4 {[%emt 0:00:00]} c5 {[%emt 0:00:00]} 2. Nf3 {[%emt 0:00:00]} d6 {[%emt 0:
00:00]} 3. d4 {[%emt 0:00:00]} cxd4 {[%emt 0:00:00]} 4. Nxd4 {[%emt 0:00:00]}
Nf6 {[%emt 0:00:00]} 5. Nc3 {[%emt 0:00:00]} a6 {[%emt 0:00:00]} 6. Bg5 {
[%emt 0:00:00]} Nbd7 {[%emt 0:00:00]} 7. Qe2 {[%emt 0:00:00]} h6 {[%emt 0:00:
00]} 8. Bh4 {[%emt 0:00:00]} Qc7 {[%emt 0:00:00]} 9. O-O-O {[%emt 0:00:00]} e6
{[%emt 0:00:00]} 10. f4 {[%emt 0:00:00]} b5 {[%emt 0:00:00]} 11. a3 {[%emt 0:
00:00]} Be7 {[%emt 0:00:00]} 12. g4 {[%emt 0:00:00]} Bb7 {[%emt 0:00:00]} 13.
Kb1 {[%emt 0:00:00]} Rc8 {[%emt 0:00:00]} 14. Rg1 {[%emt 0:00:00]} g5 {[%emt 0:
00:00]} 15. fxg5 {[%emt 0:00:00]} hxg5 {[%emt 0:00:00]} 16. Bxg5 {[%emt 0:00:
00]} Qb6 {[%emt 0:00:00]} 17. Qe1 {[%emt 0:00:00]} Rxc3 {[%emt 0:00:00]} 18.
Bxf6 {[%emt 0:00:00]} Nxf6 {[%emt 0:00:00]} 19. Qxc3 {[%emt 0:00:00]} Nxe4 {
[%emt 0:00:00]} 20. Qe1 {[%emt 0:00:00]} Bf6 {[%emt 0:00:00]} 21. c3 {[%emt 0:
00:00]} Rxh2 {[%emt 0:00:00]} 22. g5 {[%emt 0:00:00]} Bxd4 {[%emt 0:00:00]} 23.
cxd4 {[%emt 0:00:00]} b4 {[%emt 0:00:00]} 24. Qxb4 {[%emt 0:00:00]} Nd2+ {
[%emt 0:00:00]} 25. Ka1 {[%emt 0:00:00]} Qxb4 {[%emt 0:00:00]} 26. axb4 {
[%emt 0:00:00]} Bf3 {[%emt 0:00:00]} 27. Re1 {[%emt 0:00:00]} Nb3+ {[%emt 0:00:
00]} 28. Kb1 {[%emt 0:00:00]} Be4+ {[%emt 0:00:00]} 29. Rxe4 {[%emt 0:00:00]}
Nd2+ {[%emt 0:00:00]} 30. Kc1 {[%emt 0:00:00]} Nxe4 {[%emt 0:00:00]} 31. d5 {
[%emt 0:00:00]} e5 {[%emt 0:00:00]} 32. Bxa6 {[%emt 0:00:00]} Rd2 {[%emt 0:00:
00]} 33. Bb7 {[%emt 0:00:00]} Rd4 {[%emt 0:00:00]} 34. b5 {[%emt 0:00:00]} Rc4+
{[%emt 0:00:00]} 35. Kd1 {[%emt 0:00:00]} Kd8 {[%emt 0:00:00]} 36. Bc6 {
[%emt 0:00:00]} Kc7 {[%emt 0:00:00]} 37. Ke2 {[%emt 0:00:00]} Rb4 {[%emt 0:00:
00]} 38. Kd3 {[%emt 0:00:00]} Kb6 {[%emt 0:00:00]} 39. Be8 {[%emt 0:00:00]}
Nc5+ {[%emt 0:00:00]} 40. Kc3 {[%emt 0:00:00]} Rf4 {[%emt 0:00:00]} 41. b4 {
[%emt 0:00:00]} Rf3+ {[%emt 0:00:00]} 42. Kb2 {[%emt 0:00:20]} Nd3+ {[%emt 0:
00:00]} 43. Kc3 {[%emt 0:00:00]} Nf4+ {[%emt 0:00:00]} 44. Kb2 {[%emt 0:00:00]}
Rf2+ {[%emt 0:00:00]} 45. Kb3 {[%emt 0:00:00]} Ne2 {[%emt 0:00:00]} 46. Ra1 {
[%emt 0:00:00]} Nd4+ {[%emt 0:00:00]} 47. Kc4 {[%emt 0:00:00]} Nxb5 {[%emt 0:
00:00]} 48. Bxb5 {[%emt 0:00:08]} Rf4+ {[%emt 0:00:00]} 49. Kc3 {[%emt 0:00:00]
} Kxb5 {[%emt 0:00:00]} 50. Ra5+ {[%emt 0:00:00]} Kb6 {[%emt 0:00:00]} 51. Ra8
{[%emt 0:00:00]} Rg4 {[%emt 0:00:00]} 52. Rc8 {[%emt 0:00:00]} Rxg5 {[%emt 0:
00:00]} 53. Rc6+ {[%emt 0:00:00]} Kb5 {[%emt 0:00:00]} 54. Rxd6 {[%emt 0:00:00]
} Rg3+ {[%emt 0:00:00]} 55. Kd2 {[%emt 0:00:00]} f5 {[%emt 0:00:00]} 56. Re6 {
[%emt 0:00:00]} e4 {[%emt 0:00:00]} 57. Ke2 {[%emt 0:00:00]} Rd3 {[%emt 0:00:
00]} 58. Re5 {[%emt 0:00:00]} Kxb4 {[%emt 0:00:00]} 59. Rxf5 {[%emt 0:00:00]}
Kc5 {[%emt 0:00:00]} 60. d6+ {[%emt 0:00:00]} Kxd6 {[%emt 0:00:00]} 1/2-1/2

[Event "PRVA LIGA CS 2020"]
[Site "Bajina basta"]
[Date "2020.10.11"]
[Round "2.4"]
[White "Radovanovic, Nikola"]
[Black "Jovanovic, Dusan D"]
[Result "1-0"]
[WhiteElo "2377"]
[BlackElo "2412"]
[PlyCount "51"]
[EventDate "2020.10.10"]
[WhiteTeam "RADNICKI VODOVOD - Kragujevac"]
[BlackTeam "RUDAR - Kostolac"]

1. e4 e5 2. Nf3 Nc6 3. d4 exd4 4. Nxd4 Bc5 5. Nb3 Bb6 6. Nc3 Nf6 7. Qe2 O-O 8.
Be3 d5 9. O-O-O d4 10. f3 Be6 11. Bf2 Re8 12. Na4 Qd6 13. Qd2 Rad8 14. Bg3 Qe7
15. Bh4 h6 16. f4 g5 17. fxg5 Nxe4 18. Qf4 Nxg5 19. Bf2 Qd6 20. Qh4 Bf5 21. Bd3
Bxd3 22. Rxd3 Ne5 23. Rdd1 d3 24. Bxb6 axb6 25. Nc3 Qg6 26. Qg3 1-0

[Event "I Liga Centralne Srbije"]
[Site "Bajina Bašta, Serbia"]
[Date "2020.10.11"]
[Round "2.4"]
[White "Ivanovic, Marko"]
[Black "Radovic, Janko"]
[Result "1-0"]
[WhiteElo "2277"]
[BlackElo "2433"]
[Annotator "Knez"]
[PlyCount "43"]
[EventDate "2020.??.??"]
[TimeControl "90"]

1. Nf3 {[%emt 0:13:20]} Nf6 {[%emt 0:01:53]} 2. d4 {[%emt 0:00:17]} e6 {
[%emt 0:00:06]} 3. Bg5 {[%emt 0:00:08]} c5 {[%emt 0:02:46]} 4. e3 {[%emt 0:00:
14]} Be7 {[%emt 0:00:24]} 5. Nbd2 {[%emt 0:00:23]} b6 {[%emt 0:02:24]} 6. Bd3 {
[%emt 0:00:11]} Bb7 {[%emt 0:00:56]} 7. c3 {[%emt 0:00:17]} cxd4 {[%emt 0:05:
41]} 8. exd4 {[%emt 0:00:15]} d6 {[%emt 0:01:49]} 9. Bxf6 {[%emt 0:00:24]} Bxf6
{[%emt 0:06:30]} 10. Qe2 {[%emt 0:00:20]} Nd7 {[%emt 0:01:41]} 11. h4 {[%emt 0:
00:15]} Be7 {[%emt 0:08:27]} 12. O-O-O {[%emt 0:01:41]} a6 {[%emt 0:07:02]} 13.
Kb1 {[%emt 0:02:22]} b5 {[%emt 0:05:21]} 14. g4 {[%emt 0:07:53]} Nf6 {[%emt 0:
05:31]} 15. g5 {[%emt 0:02:40]} Nd5 {[%emt 0:01:34]} 16. Ne4 {[%emt 0:00:49]}
Nf4 {[%emt 0:06:10]} 17. Qe3 {[%emt 0:03:54]} Nxd3 {[%emt 0:00:28]} 18. Rxd3 {
[%emt 0:01:02]} Bd5 {[%emt 0:06:38]} 19. h5 {[%emt 0:03:03]} a5 {[%emt 0:13:31]
} 20. Rg1 {[%emt 0:06:20]} h6 {[%emt 0:16:39]} 21. gxh6 {[%emt 0:02:44]} gxh6 {
[%emt 0:00:04]} 22. Qf4 {[%emt 0:04:27]} 1-0

[Event "I Liga Centralne Srbije"]
[Site "Bajina Bašta, Serbia"]
[Date "2020.10.11"]
[Round "2.4"]
[White "Radovic, Luka"]
[Black "Pavlovic, Goran"]
[Result "1/2-1/2"]
[WhiteElo "2334"]
[BlackElo "2345"]
[Annotator "Knez"]
[PlyCount "43"]
[EventDate "2020.??.??"]
[TimeControl "90"]

1. Nf3 {[%emt 0:51:45]} Nf6 {[%emt 0:02:34]} 2. c4 {[%emt 0:00:35]} g6 {
[%emt 0:00:19]} 3. g3 {[%emt 0:00:36]} Bg7 {[%emt 0:00:21]} 4. Bg2 {[%emt 0:00:
15]} O-O {[%emt 0:00:22]} 5. O-O {[%emt 0:00:10]} d6 {[%emt 0:01:05]} 6. Nc3 {
[%emt 0:01:55]} e5 {[%emt 0:01:14]} 7. d3 {[%emt 0:00:42]} Nc6 {[%emt 0:00:35]}
8. Rb1 {[%emt 0:01:10]} a5 {[%emt 0:00:54]} 9. a3 {[%emt 0:00:15]} Bf5 {
[%emt 0:00:43]} 10. Ne1 {[%emt 0:06:31]} Qd7 {[%emt 0:00:31]} 11. Nc2 {[%emt 0:
01:36]} Bh3 {[%emt 0:00:51]} 12. b4 {[%emt 0:00:56]} Bxg2 {[%emt 0:00:29]} 13.
Kxg2 {[%emt 0:00:15]} axb4 {[%emt 0:02:53]} 14. axb4 {[%emt 0:00:14]} Ne7 {
[%emt 0:05:09]} 15. e4 {[%emt 0:10:06]} c6 {[%emt 0:06:10]} 16. b5 {[%emt 0:08:
06]} d5 {[%emt 0:04:07]} 17. Ba3 {[%emt 0:04:16]} d4 {[%emt 0:01:52]} 18. Ne2 {
[%emt 0:01:15]} Ne8 {[%emt 0:01:07]} 19. Qd2 {[%emt 0:14:12]} Nc7 {[%emt 0:03:
51]} 20. bxc6 {[%emt 0:02:40]} bxc6 {[%emt 0:00:29]} 21. Rb7 {[%emt 0:10:27]}
Rfe8 {[%emt 0:03:49]} 22. Kg1 {[%emt 0:04:15]} 1/2-1/2

[Event "PRVA LIGA CS 2020"]
[Site "Bajina basta"]
[Date "2020.10.11"]
[Round "2.4"]
[White "Djordjevic, Nebojsa"]
[Black "Zlatanovic, Boroljub"]
[Result "0-1"]
[WhiteElo "2255"]
[BlackElo "2372"]
[PlyCount "152"]
[EventDate "2020.10.10"]
[WhiteTeam "RUDAR - Kostolac"]
[BlackTeam "RADNICKI VODOVOD - Kragujevac"]

1. d4 g6 2. c4 Bg7 3. Nc3 d6 4. e4 e5 5. d5 f5 6. Bd3 Nf6 7. Nge2 O-O 8. f3
fxe4 9. Nxe4 Nxe4 10. Bxe4 Bh6 11. Bxh6 Qh4+ 12. Ng3 Qxh6 13. Qd2 Qxd2+ 14.
Kxd2 a5 15. h4 Nd7 16. h5 g5 17. h6 Nf6 18. Ke3 Bd7 19. Rac1 b6 20. b3 Kf7 21.
Bd3 Ke7 22. Nh5 Rf7 23. Rcf1 Nxh5 24. Rxh5 Rg8 25. a3 Bf5 26. Be2 Kf6 27. Rhh1
Ra8 28. Kd2 Bg6 29. Rh3 Bf5 30. Rhh1 Bg6 31. Rh3 Rg8 32. Rhh1 Ke7 33. Kc3 Rgf8
34. Re1 g4 35. Kd2 gxf3 36. gxf3 Rf4 37. Reg1 Kf6 38. Rh2 Rf5 39. Bd1 Rg5 40.
Rf1 Ke7 41. Ke3 Rf4 42. Be2 Kf6 43. b4 Ke7 44. Rc1 axb4 45. axb4 Kd7 46. Ra1
Rgf5 47. Rg1 Rf8 48. Rg4 Ke7 49. Rhh4 R4f6 50. Rg1 Ra8 51. Rc1 Ra3+ 52. Kd2
Ra2+ 53. Ke3 Rf4 54. Rhh1 Ra3+ 55. Kf2 Be4 56. Rh3 Kf6 57. Rg1 Bg6 58. Rc1 e4
59. Rg3 exf3 60. Bf1 Ke5 61. Rg5+ Kf6 62. Rg3 Ra2+ 63. Ke3 Rf5 64. Rc3 f2 65.
Rf3 Ke5 66. Rxf5+ Bxf5 67. b5 Be4 68. Rc1 Rb2 69. Ra1 Rb1 70. Rxb1 Bxb1 71.
Kxf2 Kf4 72. Be2 Kg5 73. Ke3 Kxh6 74. Kf4 Kg6 75. Bf1 Kf6 76. Be2 Bf5 0-1

[Event "I Liga Centralne Srbije"]
[Site "Bajina Bašta, Serbia"]
[Date "2020.10.11"]
[Round "2.5"]
[White "Ristic, Nebojsa B"]
[Black "Kostic, Vladimir G"]
[Result "0-1"]
[WhiteElo "2312"]
[BlackElo "2289"]
[Annotator "Knez"]
[PlyCount "60"]
[EventDate "2020.??.??"]
[TimeControl "90"]

1. d4 {[%emt 0:11:30]} Nf6 {[%emt 0:00:33]} 2. Bf4 {[%emt 0:00:08]} g6 {
[%emt 0:02:55]} 3. Nc3 {[%emt 0:00:14]} Bg7 {[%emt 0:00:27]} 4. e4 {[%emt 0:00:
15]} O-O {[%emt 0:00:47]} 5. Qd2 {[%emt 0:00:35]} d6 {[%emt 0:00:18]} 6. O-O-O
{[%emt 0:00:19]} c6 {[%emt 0:00:30]} 7. Nf3 {[%emt 0:01:16]} b5 {[%emt 0:00:11]
} 8. Bd3 {[%emt 0:01:19]} Bg4 {[%emt 0:03:37]} 9. h3 {[%emt 0:06:22]} Bxf3 {
[%emt 0:00:23]} 10. gxf3 {[%emt 0:00:01]} Qa5 {[%emt 0:01:31]} 11. Kb1 {
[%emt 0:00:53]} b4 {[%emt 0:02:00]} 12. Ne2 {[%emt 0:00:14]} Nbd7 {[%emt 0:00:
21]} 13. Bh6 {[%emt 0:04:36]} c5 {[%emt 0:04:17]} 14. h4 {[%emt 0:02:46]} Rfc8
{[%emt 0:04:01]} 15. Bxg7 {[%emt 0:03:02]} Kxg7 {[%emt 0:00:19]} 16. dxc5 {
[%emt 0:03:43]} dxc5 {[%emt 0:05:31]} 17. b3 {[%emt 0:04:47]} c4 {[%emt 0:07:
36]} 18. Bxc4 {[%emt 0:00:57]} Ne5 {[%emt 0:01:13]} 19. Bd5 {[%emt 0:02:18]}
Nxf3 {[%emt 0:09:39]} 20. Qe3 {[%emt 0:21:13]} Rxc2 {[%emt 0:00:59]} 21. Kxc2 {
[%emt 0:01:34]} Qxa2+ {[%emt 0:00:10]} 22. Kd3 {[%emt 0:02:23]} Ne5+ {[%emt 0:
07:43]} 23. Kd4 {[%emt 0:00:03]} Nfg4 {[%emt 0:12:59]} 24. Qc1 {[%emt 0:21:41]}
Qxe2 {[%emt 0:03:20]} 25. Bxa8 {[%emt 0:01:16]} Qxf2+ {[%emt 0:00:55]} 26. Kd5
{[%emt 0:00:17]} Qb6 {[%emt 0:01:16]} 27. Bc6 {[%emt 0:05:47]} Nxc6 {[%emt 0:
01:31]} 28. e5 {[%emt 0:02:26]} Ncxe5 {[%emt 0:07:48]} 29. Rhe1 {[%emt 0:00:29]
} e6+ {[%emt 0:02:59]} 30. Ke4 {[%emt 0:00:23]} f5+ {[%emt 0:00:44]} 0-1

[Event "I Liga Centralne Srbije"]
[Site "Bajina Bašta, Serbia"]
[Date "2020.10.11"]
[Round "2.5"]
[White "Sredojevic, Ivan"]
[Black "Spasic, Petar"]
[Result "0-1"]
[WhiteElo "2258"]
[BlackElo "2251"]
[Annotator "Knez"]
[PlyCount "82"]
[EventDate "2020.??.??"]
[TimeControl "90"]
[WhiteClock "0:02:11"]
[BlackClock "0:19:44"]

1. e4 {[%emt 0:00:00]} c5 {[%emt 0:00:00]} 2. c3 {[%emt 0:00:00]} e5 {[%emt 0:
00:00]} 3. Nf3 {[%emt 0:00:00]} Nc6 {[%emt 0:00:00]} 4. Bc4 {[%emt 0:00:00]}
Be7 {[%emt 0:00:00]} 5. O-O {[%emt 0:00:00]} Nf6 {[%emt 0:00:00]} 6. Re1 {
[%emt 0:00:00]} O-O {[%emt 0:00:00]} 7. d4 {[%emt 0:00:00]} d6 {[%emt 0:00:00]}
8. dxe5 {[%emt 0:00:00]} dxe5 {[%emt 0:00:00]} 9. Nbd2 {[%emt 0:00:00]} Qc7 {
[%emt 0:00:00]} 10. a4 {[%emt 0:00:00]} b6 {[%emt 0:00:00]} 11. Qe2 {[%emt 0:
00:00]} Bb7 {[%emt 0:00:00]} 12. Ba6 {[%emt 0:00:00]} Bxa6 {[%emt 0:00:00]} 13.
Qxa6 {[%emt 0:00:00]} Na5 {[%emt 0:00:00]} 14. Nc4 {[%emt 0:00:00]} Nb3 {
[%emt 0:00:00]} 15. Rb1 {[%emt 0:00:00]} Nd7 {[%emt 0:00:00]} 16. Ne3 {[%emt 0:
00:00]} Qc6 {[%emt 0:00:00]} 17. Nd5 {[%emt 0:00:00]} Bd6 {[%emt 0:00:00]} 18.
Be3 {[%emt 0:00:00]} c4 {[%emt 0:00:00]} 19. Rbd1 {[%emt 0:00:00]} Na5 {
[%emt 0:00:00]} 20. Qb5 {[%emt 0:00:00]} Rfd8 {[%emt 0:00:00]} 21. Nb4 {
[%emt 0:00:00]} Bxb4 {[%emt 0:00:00]} 22. cxb4 {[%emt 0:00:00]} Qxb5 {[%emt 0:
00:00]} 23. axb5 {[%emt 0:00:00]} Nb3 {[%emt 0:00:00]} 24. Rd5 {[%emt 0:00:00]}
Nf6 {[%emt 0:00:00]} 25. Rxd8+ {[%emt 0:00:00]} Rxd8 {[%emt 0:00:00]} 26. Nxe5
{[%emt 0:00:00]} Nxe4 {[%emt 0:00:00]} 27. Nxc4 {[%emt 0:00:00]} Rd5 {[%emt 0:
00:00]} 28. h4 {[%emt 0:00:00]} f5 {[%emt 0:00:00]} 29. f3 {[%emt 0:00:00]} Nf6
{[%emt 0:00:00]} 30. Bg5 {[%emt 0:00:00]} Rxb5 {[%emt 0:00:00]} 31. Bxf6 {
[%emt 0:00:00]} gxf6 {[%emt 0:00:00]} 32. Re8+ {[%emt 0:00:00]} Kg7 {[%emt 0:
00:00]} 33. Nd6 {[%emt 0:00:00]} Rxb4 {[%emt 0:00:32]} 34. Nxf5+ {[%emt 0:00:
00]} Kf7 {[%emt 0:00:00]} 35. Re7+ {[%emt 0:00:00]} Kf8 {[%emt 0:00:00]} 36.
Rxh7 {[%emt 0:00:00]} Nc5 {[%emt 0:00:07]} 37. h5 {[%emt 0:00:00]} Kg8 {
[%emt 0:00:10]} 38. Rg7+ {[%emt 0:00:00]} Kh8 {[%emt 0:00:00]} 39. h6 {[%emt 0:
00:00]} Ne6 {[%emt 0:00:00]} 40. Ne7 {[%emt 0:00:00]} Nxg7 {[%emt 0:00:00]} 41.
hxg7+ {[%emt 0:00:00]} Kxg7 {[%emt 0:00:00]} 0-1

[Event "PRVA LIGA CS 2020"]
[Site "Bajina basta"]
[Date "2020.10.11"]
[Round "2.5"]
[White "Djordjevic, Miroslav"]
[Black "Zivkovic, Sava"]
[Result "1-0"]
[WhiteElo "1885"]
[BlackElo "2297"]
[PlyCount "55"]
[EventDate "2020.10.10"]
[WhiteTeam "RADNIK Surdulica"]
[BlackTeam "KRUSIK - Valjevo"]

1. f4 d5 2. Nf3 Nf6 3. e3 g6 4. b4 Bg7 5. Bb2 O-O 6. Be2 c6 7. a4 a5 8. b5 Nbd7
9. Na3 Nc5 10. c4 dxc4 11. Nxc4 cxb5 12. axb5 Be6 13. O-O Nfd7 14. Bxg7 Kxg7
15. Nd4 Bxc4 16. Bxc4 e5 17. Ne2 Nb6 18. Ba2 exf4 19. Rxf4 Qd7 20. Qc2 Ne6 21.
Qb2+ Kg8 22. Rf2 a4 23. Ng3 a3 24. Qe5 Qc7 25. Qf6 Nd7 26. Qh4 Qe5 27. Raf1 Kg7
28. Qe7 1-0

[Event "I Liga Centralne Srbije"]
[Site "Bajina Bašta, Serbia"]
[Date "2020.10.11"]
[Round "2.5"]
[White "Ivanovic, Dragutin"]
[Black "Banjovic, Sasa"]
[Result "1-0"]
[WhiteElo "2307"]
[BlackElo "2121"]
[Annotator "Knez"]
[PlyCount "72"]
[EventDate "2020.??.??"]
[TimeControl "90"]
[BlackClock "0:17:05"]

1. Nf3 {[%emt 0:00:00]} f5 {[%emt 0:00:00]} 2. d3 {[%emt 0:00:00]} d6 {[%emt 0:
00:00]} 3. e4 {[%emt 0:00:00]} e5 {[%emt 0:00:00]} 4. exf5 {[%emt 0:00:00]}
Bxf5 {[%emt 0:00:00]} 5. g3 {[%emt 0:00:00]} c5 {[%emt 0:00:00]} 6. Bg2 {
[%emt 0:00:00]} Nc6 {[%emt 0:00:00]} 7. O-O {[%emt 0:00:00]} Be7 {[%emt 0:00:
00]} 8. c3 {[%emt 0:00:00]} Nf6 {[%emt 0:00:00]} 9. d4 {[%emt 0:00:00]} e4 {
[%emt 0:00:00]} 10. Nh4 {[%emt 0:00:00]} Bg4 {[%emt 0:00:00]} 11. Qb3 {[%emt 0:
00:00]} Na5 {[%emt 0:00:00]} 12. Qa4+ {[%emt 0:00:00]} Bd7 {[%emt 0:00:00]} 13.
Qc2 {[%emt 0:00:00]} cxd4 {[%emt 0:00:00]} 14. cxd4 {[%emt 0:00:00]} d5 {
[%emt 0:00:00]} 15. f3 {[%emt 0:00:00]} Bb5 {[%emt 0:00:00]} 16. Re1 {[%emt 0:
00:00]} Bd3 {[%emt 0:00:00]} 17. Qf2 {[%emt 0:00:00]} O-O {[%emt 0:00:00]} 18.
Nf5 {[%emt 0:00:00]} Bb4 {[%emt 0:00:00]} 19. Bd2 {[%emt 0:00:00]} Qb6 {
[%emt 0:00:00]} 20. Bxb4 {[%emt 0:00:00]} Qxb4 {[%emt 0:00:00]} 21. Nc3 {
[%emt 0:00:00]} Rae8 {[%emt 0:00:00]} 22. a3 {[%emt 0:00:00]} Qb6 {[%emt 0:00:
00]} 23. Na4 {[%emt 0:00:00]} Qd8 {[%emt 0:00:00]} 24. Nc5 {[%emt 0:00:00]}
exf3 {[%emt 0:00:00]} 25. Nxd3 {[%emt 0:00:00]} fxg2 {[%emt 0:00:00]} 26. Qxg2
{[%emt 0:00:00]} Ne4 {[%emt 0:00:00]} 27. Rf1 {[%emt 0:00:00]} Nb3 {[%emt 0:00:
00]} 28. Rad1 {[%emt 0:00:00]} g6 {[%emt 0:00:00]} 29. Qc2 {[%emt 0:00:00]}
Nbd2 {[%emt 0:00:00]} 30. Nh6+ {[%emt 0:00:00]} Kg7 {[%emt 0:00:00]} 31. Rxf8 {
[%emt 0:00:00]} Rxf8 {[%emt 0:00:00]} 32. Rxd2 {[%emt 0:00:00]} Qg5 {[%emt 0:
00:28]} 33. Re2 {[%emt 0:00:00]} Kxh6 {[%emt 0:00:10]} 34. Kg2 {[%emt 0:00:00]}
Qf5 {[%emt 0:00:10]} 35. Qc1+ {[%emt 0:00:00]} g5 {[%emt 0:00:00]} 36. Ne5 {
[%emt 0:00:00]} Kg7 {[%emt 0:00:42]} 1-0

[Event "I Liga Centralne Srbije"]
[Site "Bajina Bašta, Serbia"]
[Date "2020.10.11"]
[Round "2.5"]
[White "Dimitrijevic, Zoran"]
[Black "Zivanovic, Bojan"]
[Result "1/2-1/2"]
[WhiteElo "2088"]
[BlackElo "2159"]
[Annotator "Knez"]
[PlyCount "119"]
[EventDate "2020.??.??"]
[TimeControl "90"]
[WhiteClock "0:02:15"]
[BlackClock "0:33:44"]

1. d4 {[%emt 0:00:00]} Nf6 {[%emt 0:00:00]} 2. Nf3 {[%emt 0:00:00]} d5 {
[%emt 0:00:00]} 3. Bf4 {[%emt 0:00:00]} e6 {[%emt 0:00:00]} 4. e3 {[%emt 0:00:
00]} Bd6 {[%emt 0:00:00]} 5. Bg5 {[%emt 0:00:00]} Nbd7 {[%emt 0:00:00]} 6. Bd3
{[%emt 0:00:00]} h6 {[%emt 0:00:00]} 7. Bh4 {[%emt 0:00:00]} O-O {[%emt 0:00:
00]} 8. O-O {[%emt 0:00:00]} e5 {[%emt 0:00:00]} 9. dxe5 {[%emt 0:00:00]} Nxe5
{[%emt 0:00:00]} 10. Nxe5 {[%emt 0:00:00]} Bxe5 {[%emt 0:00:00]} 11. c3 {
[%emt 0:00:00]} g5 {[%emt 0:00:00]} 12. Bg3 {[%emt 0:00:00]} Bxg3 {[%emt 0:00:
00]} 13. hxg3 {[%emt 0:00:00]} Ng4 {[%emt 0:00:00]} 14. Be2 {[%emt 0:00:00]}
Ne5 {[%emt 0:00:00]} 15. Nd2 {[%emt 0:00:00]} Qe7 {[%emt 0:00:00]} 16. Re1 {
[%emt 0:00:00]} Bf5 {[%emt 0:00:00]} 17. Nf3 {[%emt 0:00:00]} c6 {[%emt 0:00:
00]} 18. Nxe5 {[%emt 0:00:00]} Qxe5 {[%emt 0:00:00]} 19. Qd4 {[%emt 0:00:00]}
Rfe8 {[%emt 0:00:00]} 20. Qxe5 {[%emt 0:00:00]} Rxe5 {[%emt 0:00:00]} 21. Rad1
{[%emt 0:00:00]} Rae8 {[%emt 0:00:00]} 22. Bf3 {[%emt 0:00:00]} Bg6 {[%emt 0:
00:00]} 23. g4 {[%emt 0:00:00]} f5 {[%emt 0:00:00]} 24. gxf5 {[%emt 0:00:00]}
Bxf5 {[%emt 0:00:00]} 25. Rd4 {[%emt 0:00:00]} Be4 {[%emt 0:00:00]} 26. Bxe4 {
[%emt 0:00:00]} Rxe4 {[%emt 0:00:00]} 27. Red1 {[%emt 0:00:00]} R8e7 {[%emt 0:
00:00]} 28. g3 {[%emt 0:00:00]} Kf7 {[%emt 0:00:00]} 29. Kg2 {[%emt 0:00:05]}
Kg6 {[%emt 0:01:18]} 30. g4 {[%emt 0:00:00]} h5 {[%emt 0:00:00]} 31. gxh5+ {
[%emt 0:00:00]} Kxh5 {[%emt 0:00:00]} 32. Rh1+ {[%emt 0:00:00]} Kg6 {[%emt 0:
00:00]} 33. Rh8 {[%emt 0:00:00]} Rxd4 {[%emt 0:00:00]} 34. cxd4 {[%emt 0:00:00]
} Kf5 {[%emt 0:00:00]} 35. Kf3 {[%emt 0:00:00]} Rg7 {[%emt 0:00:00]} 36. Rf8+ {
[%emt 0:00:00]} Kg6 {[%emt 0:00:00]} 37. Kg4 {[%emt 0:00:00]} Rh7 {[%emt 0:00:
00]} 38. Rg8+ {[%emt 0:00:00]} Kf6 {[%emt 0:00:00]} 39. Rxg5 {[%emt 0:00:00]}
Rh1 {[%emt 0:00:00]} 40. Rf5+ {[%emt 0:00:00]} Ke6 {[%emt 0:00:00]} 41. Rh5 {
[%emt 0:00:00]} Rg1+ {[%emt 0:00:00]} 42. Kf4 {[%emt 0:00:00]} Rf1 {[%emt 0:00:
00]} 43. Rh6+ {[%emt 0:00:00]} Kd7 {[%emt 0:00:00]} 44. Rh7+ {[%emt 0:00:00]}
Kc8 {[%emt 0:00:00]} 45. Ke5 {[%emt 0:00:00]} Rxf2 {[%emt 0:00:00]} 46. b4 {
[%emt 0:00:00]} a6 {[%emt 0:00:00]} 47. Kd6 {[%emt 0:00:00]} Kb8 {[%emt 0:00:
00]} 48. a4 {[%emt 0:00:00]} Ka7 {[%emt 0:00:00]} 49. b5 {[%emt 0:00:00]} axb5
{[%emt 0:00:00]} 50. axb5 {[%emt 0:00:00]} Kb6 {[%emt 0:00:00]} 51. bxc6 {
[%emt 0:00:00]} bxc6 {[%emt 0:00:00]} 52. Rh1 {[%emt 0:00:00]} Rf6+ {[%emt 0:
00:00]} 53. Ke5 {[%emt 0:00:00]} Rf3 {[%emt 0:00:00]} 54. Rb1+ {[%emt 0:00:00]}
Kc7 {[%emt 0:00:00]} 55. Rb3 {[%emt 0:00:00]} Rh3 {[%emt 0:00:00]} 56. Kf4 {
[%emt 0:00:00]} Kd6 {[%emt 0:00:00]} 57. Rc3 {[%emt 0:00:00]} Rh1 {[%emt 0:00:
00]} 58. Kf3 {[%emt 0:00:00]} Rh4 {[%emt 0:00:00]} 59. Ke2 {[%emt 0:00:00]}
Rh2+ {[%emt 0:00:00]} 60. Ke1 {[%emt 0:01:24]} 1/2-1/2

[Event "I Liga Centralne Srbije"]
[Site "Bajina Bašta, Serbia"]
[Date "2020.10.11"]
[Round "2.5"]
[White "Jovcic, Zoran"]
[Black "Veselinov, Ivica"]
[Result "1-0"]
[WhiteElo "2140"]
[BlackElo "1836"]
[Annotator "Knez"]
[PlyCount "41"]
[EventDate "2020.??.??"]
[TimeControl "90"]
[WhiteClock "0:01:03"]
[BlackClock "0:47:56"]

1. e4 {[%emt 0:00:00]} d5 {[%emt 0:00:00]} 2. exd5 {[%emt 0:00:00]} Qxd5 {
[%emt 0:00:00]} 3. Nc3 {[%emt 0:00:00]} Qa5 {[%emt 0:00:00]} 4. d4 {[%emt 0:00:
00]} c6 {[%emt 0:00:00]} 5. Nf3 {[%emt 0:00:00]} Bf5 {[%emt 0:00:00]} 6. Bc4 {
[%emt 0:00:00]} Nf6 {[%emt 0:00:00]} 7. Ne5 {[%emt 0:00:00]} e6 {[%emt 0:00:00]
} 8. g4 {[%emt 0:00:00]} Be4 {[%emt 0:00:00]} 9. f3 {[%emt 0:00:00]} Bd5 {
[%emt 0:00:00]} 10. Bd2 {[%emt 0:00:00]} Bxc4 {[%emt 0:00:00]} 11. Nxc4 {
[%emt 0:00:00]} Qc7 {[%emt 0:00:00]} 12. Qe2 {[%emt 0:00:00]} Nbd7 {[%emt 0:00:
00]} 13. O-O-O {[%emt 0:00:00]} O-O-O {[%emt 0:00:00]} 14. Bg5 {[%emt 0:00:00]}
Nb6 {[%emt 0:00:00]} 15. Ne5 {[%emt 0:00:00]} Nbd5 {[%emt 0:00:00]} 16. Ne4 {
[%emt 0:00:00]} h6 {[%emt 0:00:00]} 17. Bh4 {[%emt 0:00:00]} Qa5 {[%emt 0:00:
00]} 18. Kb1 {[%emt 0:00:00]} Nxe4 {[%emt 0:00:00]} 19. fxe4 {[%emt 0:00:00]}
Ba3 {[%emt 0:00:00]} 20. exd5 {[%emt 0:00:00]} Rxd5 {[%emt 0:00:27]} 21. c4 {
[%emt 0:00:00]} 1-0

[Event "PRVA LIGA CS 2020"]
[Site "Bajina basta"]
[Date "2020.10.11"]
[Round "2.6"]
[White "Dimitrov, Radoslav"]
[Black "Drenchev, Petar"]
[Result "1-0"]
[WhiteElo "2507"]
[BlackElo "2434"]
[PlyCount "87"]
[EventDate "2020.10.10"]
[WhiteTeam "VSK 2005 - Valjevo"]
[BlackTeam "ASK - Arandjelovac"]

1. c4 Nf6 2. Nc3 g6 3. d4 Bg7 4. Bg5 c5 5. e3 cxd4 6. exd4 d5 7. Bxf6 Bxf6 8.
cxd5 O-O 9. Qd2 Nd7 10. Bc4 a6 11. a4 Qa5 12. Nge2 b5 13. Bb3 Nb6 14. Ne4 Qxd2+
15. Kxd2 bxa4 16. Nxf6+ exf6 17. Bxa4 Rb8 18. Bb3 Rd8 19. Nc3 f5 20. Rhe1 Kf8
21. Ra5 Nd7 22. Kc2 Rb4 23. d6 Nb6 24. Re7 Nc4 25. Bxc4 Rxc4 26. Kd3 Rc6 27. d5
Rcxd6 28. Ra7 R6d7 29. Rxd7 Rxd7 30. b4 Ke7 31. Kd4 Bb7 32. b5 axb5 33. Rxb5 f6
34. f4 Kd8 35. Rb6 Ke7 36. g3 Kf7 37. Rb1 Ke7 38. Re1+ Kf7 39. Kc5 g5 40. d6
Bf3 41. Nd5 Ra7 42. Re7+ Rxe7 43. Nxe7 Ke6 44. Nxf5 1-0